000 00730nam a22002657a 4500
001 BR7400126
003 BR-BrBNA
005 20230928084458.0
007 ta
008 230509b bl.||||| |||| 00| 0 por d
040 _aBR-BrBNA
_bpor
_cBiblioteca Nacional de Agricultura
041 _a(Por)
072 _aE70
_b2120
_b/G514
090 _ 2120 BR7400126
100 1 _aAguiar, A.
245 1 _aO cafe no estado do Espirito Santo
_bDetalhes da defesa no periodo de Julho de 1928 a Outubro de 1930
260 3 _aRio de Janeiro, GB (Brasil):
_c1932.
300 _a56 p.
650 _aCAFE
650 _aCONSUMO
650 _aEXPORTACAO
650 _aESPIRITO SANTO
909 _a202309
_bLucia
_c55
_dLucia Elande
942 _cBK
999 _c19235
_d19235